00651cam a22002173a 450000100060000000300060000600500170001200800410002904000150007004200070008505000070009210000180009924501060011726000290022350600300025251600200028265300200030265300400032283000290036285600420039119120PGUSA20140828083415.0060825s2006||||xxu|||||s|||||000 1 eng d aPGUSAbeng adc 4aPZ1 aCarson, James14aThe Saddle Boys of the Rockies :bOr, Lost on Thunder Mountainh[electronic resource] /cJames Carson bProject Gutenberg,c2006 aPublic domain in the USA. aElectronic text aWestern stories aRocky Mountains -- Juvenile fiction 0aProject Gutenbergv1912040uhttp://www.gutenberg.org/ebooks/19120